00830nam a2200181 a 4500003000200000005001700002008004100019050003200060100003100092245020100123260009200324300004000416504004100456650004500497650002200542650003400564650005000598020250426110334.0970114s19uu xx 00 eng d aPGS HM 741.7.M6b.D332 2003 aDela Cruz, Michael John C. aMale and female relationship acquired through modern communication technology :bas perceived by fourth year students of Southville International School SY 2002-2003 /cMichael John C. Dela Cruz. aLas Piñas City, Philippines : bSouthville International School and Colleges,c2003. a24 pages :billustrations ;c28 cm. aIncludes bibliographical references. aInterpersonal relationsvSocial aspects. aGender relations. aSocial mediavSocial aspects. aMobile communication systemsvSocial aspects.